000 00809nam a2200253 i 4500
001 bg
100 1 _aEARLE-CARLIN, Susan
245 1 0 _aAmerican perspectives :
_breadings on contemporary U.S. culture /
_cSusan Earle-Carlin, Colleen Hildebrand.
260 _aWhite Plains :
_bLongman :
_bPearson Education,
_ccop. 2000.
300 _aXIII, 276 s. :
_bil. ;
_c26 cm.
504 _aBibliogr.
650 9 _aJęzyk angielski
651 9 _aStany Zjednoczone
_xzagadnienia
655 _aPodręczniki
700 1 _aHILDEBRAND, Colleen
020 _a0201520753
040 _cBPK
041 0 _aeng
080 _a811.111(07):913(73)
920 _a0-201-52075-3
942 _cKS
008 s pl f |000 0 pol
999 _c44789
_d44789
856 _uhttp://koha.tu.koszalin.pl/cgi-bin/koha/opac-detail.pl?biblionumber=44789
_yKatalog online BPK